00967nam a2200217 i 4500001000700000003000900007005001700016008004100033040001900074100002600093245022800119250006200347260006000409300002400469650004800493700002000541700002000561700002700581752002700608852011400635161167ES-MaACL20250730063142.0931025s1660 be |||| | spa d aAR bspa cPAB1 aOudin, Cesar, d-162510aTesoro de las dos lenguas española y francesa / cde Caesar Oudin ; añadido conforme a las memorias del autor con muchas frasis y dicciones y con el vocabulario de xerigonça en su orden alfabetico por Antonio Oudin... aNuevamente corregido y aumentado... bpor Juan Momarte... aEn Bruselas : ben casa del dicho Juan Momarte, c1660. a[556] p. ; c4\p\s. 4aLengua española-xFrances-vDiccionarios.11aOudin, Antonio.11aMommaert, Jean.11aMommaert, Jean, eimp. aBélgica - dBruselas aES-MaACLjR-800(1) z-- Enc. perg. x-- Edic.: Las sign. son: *\p4\s, A-2L\p8\s, 2M\p2\s x Olim: G-5752